Some development facts of Rajasthan, 1956-1999 (Record no. 478452)

000 -LEADER
fixed length control field 00471cam a22001217a 4500
008 - FIXED-LENGTH DATA ELEMENTS--GENERAL INFORMATION
fixed length control field 180718b2000 xxu||||| |||| 00| 0 eng d
082 ## - DEWEY DECIMAL CLASSIFICATION NUMBER
Classification number T19x5434 D/1956-1999
245 ## - TITLE STATEMENT
Title Some development facts of Rajasthan, 1956-1999
Statement of responsibility, etc. by Directorate of Economics and Statistics, Rajasthan
260 ## - PUBLICATION, DISTRIBUTION, ETC.
Place of publication, distribution, etc. Jaipur
Name of publisher, distributor, etc. Directorate of Economics and Statistics
Date of publication, distribution, etc. 2000
300 ## - PHYSICAL DESCRIPTION
Extent 38+p.
650 ## - SUBJECT ADDED ENTRY--TOPICAL TERM
Topical term or geographic name entry element Rajasthan - Economic conditions
700 ## - ADDED ENTRY--PERSONAL NAME
Personal name Rajasthan. Directorate of Economics and Statistics
Holdings
Withdrawn status Lost status Damaged status Not for loan Permanent Location Current Location Date acquired Full call number Barcode Date last seen Price effective from Koha item type
        Indian Institute of Public Administration Indian Institute of Public Administration 2018-08-04 T19x5434 D/1956-1999 G19859 2018-08-04 2018-08-04 G

Powered by Koha